000 01500nam a2200409 i 4500
001 35353
003 KOSZ 005
005 20200207111830.0
008 021122s1977 pl a |000 0 pol
015 _aPB 1977/9281
035 _a991019856599705066
035 _a(PL-WaBN)b15383118-48omnis_nlop
035 _ab15383118
035 _a(OCoLC)830376069
035 _a(PL)b0000001538311
035 _a(EXLNZ-48OMNIS_NETWORK)9910245096405606
040 _aWA N
_cWA N
_dKOSZ 005/HR
041 0 _apol
046 _k1977
080 _a378.091.2-057.4
080 _a378.091.3
245 0 0 _aKształcenie pedagogiczne młodej kadry naukowo-dydaktycznej :
_bmateriały dydaktyczne.
_nZ. 2,
_pPodstawy badań naukowych i procesu dydaktyczno-wychowawczego /
_cpod red. Leona Leji.
246 3 0 _aPodstawy badań naukowych i procesu dydaktyczno-wychowawczego
260 _aPoznań :
_bUniwersytet im. Adama Mickiewicza. Instytut Nowych Technik Kształcenia,
_c1977.
300 _a96, [1] s. :
_bil. ;
_c24 cm.
380 _aKsiążki
504 _aBibliogr. przy rozdz.
650 7 _aKształcenie nauczycieli
_2DBN
650 7 _aNauczyciele akademiccy
650 7 _aNauczanie
_2DBN
650 7 _aPedagogika
_2DBN
658 _aEdukacja i pedagogika
700 1 _aLeja, Leon
_d(1913-1997)
_eRedakcja
856 _uhttp://koha.tu.koszalin.pl/cgi-bin/koha/opac-detail.pl?biblionumber=35353
_yKatalog online BPK
942 _2UKD
_cKS
999 _c35353
_d35353